The Walking Dead Kvíz (HUN) - Statistics

General Stats
  • This quiz has been taken 1 383 times
  • The average score is 10 of 15
Answer Stats
Question Answer % Correct
Hogy hívták Andrea testvérét? Amy
89%
Carl, mielőtt meghalt kinek adta az apjátol kapott kalapját? Judith-nak
89%
Mibe halt meg Rick felesége, Lori? A szülésbe
84%
Eredetileg hol láthattuk először a The Walking Dead-et? Egy képregényben
84%
Rick mitől esik kómába? Egy lövést kap
82%
Mit "lop" Andrea Amy születésnapjára? Egy nyakláncot
78%
Mi az eredeti neve a kormányzónak? Philip
78%
Hogy ölte meg Rick Shane-t? Leszúrta
71%
Melyik epizódban hal meg Glenn? 7.
64%
Hogy hívják a "szemetesek" vezérét? Jadis
64%
Mi volt Shane másik neve? Walsh
60%
Miért hagyta Rick ott a sorozatot? A családja miatt
51%
Eredetileg Norman Reedus(Daryl) kinek a szerepére jelentkezett? Merle
47%
Mivel ölte meg Rick az első kóborlóját? Egy baseball ütővel
38%
Mivel támadta meg Daryl Rick-et, mikor megtudta, hogy a bátyját egyedül hagyta megbilincselve? Egy Késsel
29%
No matching quizzes found
Score Distribution
Percent of People with Each Score
Percentile by Number Answered
Your Score History
You have not taken this quiz